000 01196cam a22001934a 4500
005 20250605163923.0
008 250528s ||||||||||||||||||||||||d
035 _a14462
020 _a9603445150
040 _aGR-AtMCL
_bgre
_dGR-AtMCL
_eAACR2
245 1 _aΨυχομετρία : Σχεδιασμός Τεστ και Ανάλυση Ερωτήσεων.
_nΤόμος Α'
260 _bΕλληνικά Γράμματα,
_c2004
300 _a168
520 _aΠρόλογος, Θεωρητική Προσέγγιση, Μετρήσεις και Τεστ, Κατασκευή των Τεστ, Κατασκευή Ερωτήσεων, Ανάλυση Ερωτήσεων κατά την Κλασσική Θεωρία, Ανάλυση Ερωτήσεων κατά τη Θεωρία του Υπολογισμού των Ικανοτήτων, Ανάλυση Ερωτήσεων κατά τη Μέθοδο της Παραγοντικής Ανάλυσης, Ερευνητικό, Ανάλυση Ερωτήσεων του Τεστ Raven, Βιβλιογραφία, Ευρετήριο Όρων.
700 1 _aΑλεξόπουλος Δημήτριος Σ
_9138
942 _cBK
999 _c92
_d92